[Event "Titled Tuesday intern op 02nd Apr Early"]
[Site "Chess.com INT"]
[Date "2024.04.02"]
[Round "1"]
[White "Md, Bashiq Imrose"]
[Black "Bartel, Mateusz"]
[Result "1-0"]
[WhiteElo "2140"]
[BlackElo "2647"]
[PlyCount "123"]
[EventDate "2024.04.02"]
[EventType "swiss (blitz)"]
[EventRounds "11"]
[EventCountry "USA"]
[SourceTitle "CB15_2024"]
[SourceDate "2024.04.10"]
[SourceVersion "1"]
[SourceVersionDate "2024.04.10"]
[SourceQuality "1"]

1. Nf3 Nf6 2. b3 g6 3. Bb2 Bg7 4. g3 0-0 5. Bg2 c5 6. c4 Nc6 7. 0-0 d5 8. cxd5 Nxd5 9. Bxg7 Kxg7 10. d4 cxd4 11. Nxd4 Nxd4 12. Qxd4+ Nf6 13. Qe5 Qb6 14. Nc3 Be6 15. Rac1 Rad8 16. Na4 Qb4 17. Nc5 Bd5 18. Qxe7 Qb6 19. Bxd5 Rxd5 20. Qxb7 Qxb7 21. Nxb7 Rd2 22. Rfe1 Rb8 23. Rc7 Ne8 24. Rec1 Nxc7 25. Rxc7 Rxa2 26. Nd6 Rf8 27. e3 a5 28. Ra7 Rb2 29. Rxa5 Rxb3 30. Ra7 Rd3 31. Nc4 Rd5 32. e4 Rd4 33. Ne3 Rxe4 34. Kg2 h5 35. Kf3 Re6 36. Nd5 Rd8 37. Nf4 Rc6 38. Kg2 Rc2 39. Ne6+ Kf6 40. Nxd8 Rd2 41. Nxf7 g5 42. Nxg5 Kxg5 43. h4+ Kg6 44. Ra6+ Kg7 45. Kf3 Rb2 46. Ra5 Kg6 47. Ra6+ Kg7 48. Rc6 Rb4 49. Re6 Ra4 50. Re4 Ra2 51. Re2 Ra4 52. Re3 Kg6 53. Re4 Ra2 54. Ke3 Ra3+ 55. Kf4 Ra8 56. f3 Ra5 57. Rc4 Rf5+ 58. Ke4 Ra5 59. Rc6+ Kg7 60. Kf4 Kh7 61. Rf6 Ra3 62. Kg5 1-0

[Event "Sitges op 47th"]
[Site "Sitges"]
[Date "2023.07.27"]
[Round "6"]
[White "Cruz Estrada, Filemon"]
[Black "Md, Bashiq Imrose"]
[Result "1/2-1/2"]
[WhiteElo "2285"]
[BlackElo "1771"]
[PlyCount "54"]
[EventDate "2023.07.22"]
[EventType "swiss"]
[EventRounds "9"]
[EventCountry "ESP"]
[SourceTitle "CBM 215 Extra"]
[Source "ChessBase"]
[SourceDate "2023.09.30"]
[SourceVersion "1"]
[SourceVersionDate "2023.09.30"]
[SourceQuality "1"]

1. c4 e6 2. d4 d5 3. Nc3 a6 4. cxd5 exd5 5. Bf4 c6 6. e3 Bd6 7. Bg3 Bf5 8. Bd3 Bxd3 9. Qxd3 Nf6 10. Nf3 0-0 11. Rb1 Re8 12. Qc2 h6 13. Be5 Bxe5 14. Nxe5 Nbd7 15. Nxd7 Qxd7 16. 0-0 Ne4 17. a4 Ng5 18. Ne2 Qg4 19. Ng3 h5 20. Qd1 Qxd1 21. Rfxd1 g6 22. Ne2 a5 23. Nf4 Ra6 24. Nd3 Rb6 25. b3 Kg7 26. Re1 Re7 27. Rb2 Ra6 1/2-1/2

[Event "Barcelona Sant Marti op-A 23rd"]
[Site "Barcelona"]
[Date "2023.07.13"]
[Round "1"]
[White "Perez Pastora, Evaristo"]
[Black "Md, Bashiq Imrose"]
[Result "1/2-1/2"]
[WhiteElo "2093"]
[BlackElo "1771"]
[PlyCount "33"]
[EventDate "2023.07.13"]
[EventType "swiss"]
[EventRounds "9"]
[EventCountry "ESP"]
[SourceTitle "CBM 215 Extra"]
[Source "ChessBase"]
[SourceDate "2023.09.30"]
[SourceVersion "1"]
[SourceVersionDate "2023.09.30"]
[SourceQuality "1"]

1. e4 c6 2. c4 d5 3. exd5 cxd5 4. cxd5 Nf6 5. Nc3 Nxd5 6. Qb3 Nb6 7. Bb5+ Bd7 8. Nf3 e6 9. d4 Be7 10. 0-0 0-0 11. Bxd7 Qxd7 12. Rd1 Rd8 13. Ne5 Qe8 14. Be3 Nc6 15. Rac1 Rac8 16. Nxc6 bxc6 17. Ne4 1/2-1/2

[Event "Barbera del Valles op 45th"]
[Site "Barbera del Valles"]
[Date "2023.07.10"]
[Round "7"]
[White "Asensio Linan, Teodoro"]
[Black "Md, Bashiq Imrose"]
[Result "0-1"]
[WhiteElo "2102"]
[BlackElo "1771"]
[PlyCount "66"]
[EventDate "2023.07.04"]
[EventType "swiss"]
[EventRounds "9"]
[EventCountry "ESP"]
[SourceTitle "CBM 215 Extra"]
[Source "ChessBase"]
[SourceDate "2023.09.30"]
[SourceVersion "1"]
[SourceVersionDate "2023.09.30"]
[SourceQuality "1"]

1. e4 c6 2. d3 d5 3. Nd2 e5 4. Ngf3 Bd6 5. d4 exd4 6. Nxd4 Nf6 7. Bd3 0-0 8. 0-0 dxe4 9. Nxe4 Nxe4 10. Bxe4 Bxh2+ 11. Kxh2 Qh4+ 12. Kg1 Qxe4 13. Re1 Qg6 14. b3 c5 15. Nb5 Nc6 16. Bf4 Bf5 17. Qd6 Nb4 18. Qxc5 Nxc2 19. Nd4 Be4 20. f3 Nxe1 21. Rxe1 Bd3 22. Re7 Qf6 23. Bg5 Qa6 24. Qe5 Qg6 25. Rxb7 h6 26. Be7 Rfc8 27. Kh2 Bf1 28. g4 Qa6 29. Nf5 Qxa2+ 30. Kg3 Qg2+ 31. Kf4 Qh2+ 32. Ng3 Qd2+ 33. Kf5 g6+ 0-1

[Event "IND-ch U15 47th"]
[Site "New Delhi"]
[Date "2022.12.01"]
[Round "5"]
[White "Md, Bashiq Imrose"]
[Black "Vaibhav, Rana"]
[Result "1-0"]
[WhiteElo "1724"]
[BlackElo "1340"]
[PlyCount "135"]
[EventDate "2022.11.28"]
[EventType "swiss"]
[EventRounds "11"]
[EventCountry "IND"]
[SourceTitle "CBM 211 Extra"]
[Source "ChessBase"]
[SourceDate "2023.01.31"]
[SourceVersion "1"]
[SourceVersionDate "2023.01.31"]
[SourceQuality "1"]

1. d4 Nf6 2. Bf4 e6 3. e3 c5 4. Nf3 Nc6 5. Nbd2 cxd4 6. exd4 Be7 7. c3 d6 8. Be2 0-0 9. h3 Qc7 10. 0-0 Bd7 11. Bh2 Rac8 12. Re1 a6 13. a4 Rfd8 14. Bd3 h6 15. Qe2 e5 16. dxe5 dxe5 17. Nxe5 Bd6 18. Ndc4 Bxe5 19. Nxe5 Re8 20. Nxd7 Qxd7 21. Qf3 Rxe1+ 22. Rxe1 Re8 23. Rxe8+ Qxe8 24. Bf4 Qe6 25. Kh2 g5 26. Bg3 Ne5 27. Bxe5 Qxe5+ 28. g3 Qe7 29. Kg2 Kg7 30. a5 Qc7 31. Qf5 Qc6+ 32. Kh2 Qc7 33. Kg1 Qc6 34. Kh2 Qc7 35. Kg2 Qc6+ 36. Qf3 Qc7 37. Be4 b5 38. axb6 Qxb6 39. b4 a5 40. bxa5 Qxa5 41. Qd3 Qc5 42. Bf3 Ne8 43. c4 Nc7 44. Bd5 Ne8 45. Qf5 Nd6 46. Qe5+ Kh7 47. Qe7 Kg7 48. Bxf7 Ne4 49. Qxe4 Kxf7 50. Qd5+ Qxd5+ 51. cxd5 Kf6 52. f4 h5 53. Kf3 Kf5 54. g4+ hxg4+ 55. hxg4+ Kf6 56. fxg5+ Kxg5 57. d6 Kf6 58. g5+ Ke6 59. g6 Kxd6 60. g7 Ke7 61. g8Q Kf6 62. Qe8 Kf5 63. Qe7 Kg6 64. Qf8 Kg5 65. Qf7 Kh6 66. Qg8 Kh5 67. Qg7 Kh4 68. Qh6# 1-0

[Event "IND-ch U16"]
[Site "New Delhi"]
[Date "2022.03.05"]
[Round "3"]
[White "Rohit, S3333"]
[Black "Md, Bashiq Imrose"]
[Result "1-0"]
[WhiteElo "2276"]
[BlackElo "1671"]
[PlyCount "47"]
[EventDate "2022.03.04"]
[EventType "swiss"]
[EventRounds "9"]
[EventCountry "IND"]
[SourceTitle "CBM 207 Extra"]
[Source "ChessBase"]
[SourceDate "2022.05.31"]
[SourceVersion "1"]
[SourceVersionDate "2022.05.31"]
[SourceQuality "1"]

1. e4 c5 2. Nf3 g6 3. d4 cxd4 4. Nxd4 Nc6 5. c4 Nf6 6. Nc3 d6 7. Be2 Nxd4 8. Qxd4 Bg7 9. Be3 0-0 10. Qd3 Be6 11. 0-0 Qa5 12. Bd4 Rfc8 13. b3 Nd7 14. Bxg7 Kxg7 15. f4 Qc5+ 16. Kh1 f5 17. Bf3 Rab8 18. Rae1 Re8 19. Re2 Nf6 20. e5 Nd7 21. exd6 Qxd6 22. Qxd6 exd6 23. Nb5 d5 24. Nc7 1-0

[Event "IND-ch U15"]
[Site "Kolkata"]
[Date "2018.07.17"]
[Round "1"]
[White "Md, Bashiq Imrose"]
[Black "Kushagra, Mohan"]
[Result "0-1"]
[WhiteElo "1468"]
[BlackElo "2309"]
[PlyCount "84"]
[EventDate "2018.07.17"]
[EventType "swiss"]
[EventRounds "11"]
[EventCountry "IND"]
[SourceTitle "CBM 186 Extra"]
[Source "ChessBase"]
[SourceDate "2018.08.24"]
[SourceVersion "1"]
[SourceVersionDate "2018.08.24"]
[SourceQuality "1"]

1. d4 Nf6 2. Bf4 g6 3. e3 Bg7 4. Nf3 d6 5. Be2 0-0 6. h3 c5 7. c3 cxd4 8. exd4 Nd5 9. Bh2 Nc6 10. 0-0 e5 11. dxe5 dxe5 12. Nbd2 f5 13. Bc4 Kh8 14. Nb3 Nb6 15. Qxd8 Rxd8 16. Bb5 e4 17. Bxc6 bxc6 18. Ne5 Re8 19. Nxc6 Na4 20. Rab1 Ba6 21. Rfe1 Bd3 22. Rbc1 Nxb2 23. Bf4 Bc4 24. Nba5 Bf7 25. Nb4 Rac8 26. Re3 Nc4 27. Nxc4 Bxc4 28. a3 a5 29. Nc2 Bb3 30. Ne1 a4 31. f3 Bd4 32. cxd4 Rxc1 33. Kf2 Ra1 34. fxe4 Rxe4 35. Be5+ Kg8 36. Rxe4 fxe4 37. g4 Rxa3 38. Ke3 Bd5+ 39. Kf4 Rxh3 40. Ng2 h6 41. g5 Rf3+ 42. Kg4 Be6+ 0-1